000 00269nam a22001217a 4500
041 _aENG
100 _aRaghuwanshi .B.S
245 _aA Course In Workshop Technology Vol 1
260 _aPune
_bDhanpat Rai & Co
_c1998
300 _aA-10
650 _aFMP
856 _uFMP
999 _c520
_d520